Discussion-based online teaching to enhance student learning theory, practice, and assessment (Record no. 12862)

000 -LEADER
fixed length control field 00447nam a22001457a 4500
020 ## - INTERNATIONAL STANDARD BOOK NUMBER
International Standard Book Number 9781579227470
082 ## - DEWEY DECIMAL CLASSIFICATION NUMBER
Classification number 378.17344678 BEN
100 ## - MAIN ENTRY--PERSONAL NAME
Personal name Bender, Tisha
245 ## - TITLE STATEMENT
Title Discussion-based online teaching to enhance student learning theory, practice, and assessment
250 ## - EDITION STATEMENT
Edition statement 2nd ed.
260 ## - PUBLICATION, DISTRIBUTION, ETC.
Place of publication, distribution, etc. Virginia
Name of publisher, distributor, etc. Stylus publishing
Date of publication, distribution, etc. 2012
300 ## - PHYSICAL DESCRIPTION
Extent xv, 256p. :
Accompanying material 22 cm
650 ## - SUBJECT ADDED ENTRY--TOPICAL TERM
Topical term or geographic name entry element Internet in higher education -- Social aspects
942 ## - ADDED ENTRY ELEMENTS (KOHA)
Koha item type Book
Holdings
Withdrawn status Lost status Damaged status Not for loan Collection code Permanent Location Current Location Shelving location Date acquired Source of acquisition Cost, normal purchase price Total Checkouts Full call number Barcode Date last seen Date last checked out Price effective from Koha item type
          Central Library (CL) Central Library (CL) General Stacks 05/03/2014 Grace Books 3765.12 1 378.17344678 BEN SEECS013198 02/25/2016 01/29/2016 05/03/2014 Book
© 2023 Central Library, National University of Sciences and Technology. All Rights Reserved.